LEADER 00926nam a2200229 i 4500 001 000000256376 003 CaOOAMICUS 005 20171124000000.0 008 171124s1897 it u000 u ita u 013 $a235284 040 $aSeMil$bita 245 10$a1877-1878 :$b1. La tentazione ; 2. Ricerca di Gesù Cristo. 300 $a296 p. 490 0 $aCollezione Pietro Marietti 500 $aLascito Card. C.M. Martini. 773 0 $aMonsabré, Jacques Marie Louis <1827-1907>$tRitiri pasquali.$dTorino : Tipografia Pontificia Cav. Pietro Marietti, 1897-1899.$g2$w()27362 830 0$aCollezione Pietro Marietti.$0(OLS)http://semarc/title/6569 850 $aSeMil 852 $aSeMil$W1$xVenegono$y1$m2D VII 37 FA$j206722$B206722$CSeMilBibl$Z2$F220140 $8I 941 1 $a4 961 $aLascito: Martini Card. Carlo Maria 996 $6245$a1877-1878 :$b1. La tentazione ; 2. Ricerca di Gesù Cristo$9(OLS)http://semarc/title/311558 LEADER 01363nam a2200241 i 4500 001 000000046402 003 CaOOAMICUS 005 20090925000000.0 008 090925s1929 xx u000 u mul u 013 $a17572 040 $aSeMil$bita 100 1 $aCochlaeus, Johannes <1479-1552>.$0(OLS)http://semarc/name/23045 245 10$aIn obscuros viros qui decretorum volumen infami compendio theutonice corruperunt expostulatio (1530) /$cJohannes Cochlaeus ; herausgegeben von Joseph Greven. 260 $aMünster in Westfalen :$bAschendorffsche Verlagsbuchhandlung,$c1929. 300 $aXLIII, 37 p., ill. ;$c26 cm. 490 0 $aCorpus Catholicorum : Werke katholischer Schriftsteller im Zeitalter der Glaubensspaltung ;$v15 650 4$aRiforma cattolica.$0(OLS)http://semarc/subject/3402 700 1 $aGreven, Joseph.$0(OLS)http://semarc/name/9732 830 0$aCorpus Catholicorum : Werke katholischer Schriftsteller im Zeitalter der Glaubensspaltung ;$v15.$0(OLS)http://semarc/title/363 850 $aSeMil 852 $aSeMil$W1$xVenegono$y1$m2A V 258$j12557$B12557$CSeMilBibl$Z2$F12557 $81 996 $6245$aIn obscuros viros qui decretorum volumen infami compendio theutonice corruperunt expostulatio (1530)$9(OLS)http://semarc/title/69361 996 $6260$aMünster in Westfalen :$bAschendorffsche Verlagsbuchhandlung$9(OLS)http://semarc/publisher/29758